000 00983nam a22002537a 4500
005 20170124103058.0
010 _aB-150892
020 _c400.00
_a8177830910
035 _aB-150892
037 _bCen Lib/Ret
040 _aDPL
_bEN
082 _a920
_bसक्सेना
100 _aसक्सेना, बलबीर
_975823
245 _aभारत रत्न /
_cबलबीर सक्सेना
246 _aBharat-Ratan /
_bby Balbir Saxena
260 _aनई दिल्ली
_bप्रवीण प्रकाशन
_c2005
270 _bनई दिल्ली
_a1/1079 ई, महरौली
_e110030
300 _a410पृ.
_c20सेमी (सजिल्द)
650 _aहिंदी साहित्य
_975824
650 _aभारत रत्न--जीवनी
_96720
650 _aHindi literature
_975825
650 _aBharat Ratna - Biography
_975826
942 _2ddc
_cHN
_h920
_mसक्सेना
999 _c117623
_d117623